| 000 | 01236nac a22003371u 4500 | ||
|---|---|---|---|
| 003 | EG-ScBUE | ||
| 005 | 20220407105744.0 | ||
| 008 | 200219s2006 enka f b 001 0 eng d | ||
| 020 | _a0521543207 (pbk.) | ||
| 020 | _a9780521543200 (pbk.) | ||
| 035 | _a(OCoLC)ocm60323138 | ||
| 040 |
_aEG-ScBUE _beng _erda _cEG-ScBUE _dEG-ScBUE |
||
| 082 | 0 | 4 |
_a410 _bYUL _222 |
| 100 | 1 |
_aYule, George, _d1947- _eauthor. _939798 |
|
| 245 | 1 | 4 |
_aThe study of language / _cGeorge Yule. |
| 250 |
_aThird edition, _bthoroughly revised and updated. |
||
| 264 | 1 |
_aCambridge : _bCambridge University Press, _c2006. |
|
| 300 |
_ax, 273 pages : _billustrations ; _c26 cm |
||
| 336 |
_2rdacontent _atext _btxt |
||
| 337 |
_2rdamedia _aunmediated _bn |
||
| 338 |
_2rdacarrier _avolume _bnc |
||
| 504 | _aIncludes bibliographical references and index. | ||
| 650 | 7 |
_aLanguage and languages. _2BUEsh |
|
| 650 | 7 |
_aLinguistics. _2BUEsh |
|
| 651 | _2BUEsh | ||
| 653 |
_bHHUUEENN _cApril2022 |
||
| 655 |
_vReading book _934232 |
||
| 856 | 4 | 2 |
_3Publisher description _uhttp://www.loc.gov/catdir/enhancements/fy0642/2005012919-d.html |
| 856 | 4 | 2 |
_3Table of contents only _uhttp://www.loc.gov/catdir/enhancements/fy0642/2005012919-t.html |
| 942 |
_cBB _k410 YUL _2ddc |
||
| 999 |
_c2076 _d2076 |
||